000 00279nam a2200097Ia 4500
008 220204s9999 xx 000 0 und d
082 _a912(084.3)(548)
_bAND;1
245 0 _aAndhra Pradesh: Tourist guide with maps and road distances
260 _aCochin
_bRachana
_c1978
942 _cBK
999 _c29111
_d29111